<?xml version="1.0" encoding="UTF-8"?>
<record
    xmlns:xsi="http://www.w3.org/2001/XMLSchema-instance"
    xsi:schemaLocation="http://www.loc.gov/MARC21/slim http://www.loc.gov/standards/marcxml/schema/MARC21slim.xsd"
    xmlns="http://www.loc.gov/MARC21/slim">

  <leader>02499nam a2200289 a 4500</leader>
  <controlfield tag="001"> </controlfield>
  <controlfield tag="003">DO-SdBNP</controlfield>
  <controlfield tag="005">20220328111947.0</controlfield>
  <controlfield tag="008">090630s2000    dr a          001 0dspa d</controlfield>
  <datafield tag="020" ind1=" " ind2=" ">
    <subfield code="c">9789993401599</subfield>
  </datafield>
  <datafield tag="040" ind1=" " ind2=" ">
    <subfield code="a">DO-SdBNP</subfield>
    <subfield code="b">spa</subfield>
    <subfield code="c">BPMSU </subfield>
  </datafield>
  <datafield tag="082" ind1=" " ind2=" ">
    <subfield code="a">972.93040922</subfield>
    <subfield code="b">L453m 2000</subfield>
    <subfield code="2">22</subfield>
  </datafield>
  <datafield tag="100" ind1="1" ind2=" ">
    <subfield code="a">Lebr&#xF3;n de Anico, Rosa</subfield>
  </datafield>
  <datafield tag="245" ind1="1" ind2="3">
    <subfield code="a">La mujer en la gesta hero&#xED;ca de la Independencia Nacional :</subfield>
    <subfield code="b">l&#xE1;grimas, sacrificio y renunciamiento /</subfield>
    <subfield code="c">Rosa Lebr&#xF3;n de Anico.</subfield>
  </datafield>
  <datafield tag="260" ind1=" " ind2=" ">
    <subfield code="a">Santo Domingo :</subfield>
    <subfield code="b">Librer&#xED;a La Trinitaria,</subfield>
    <subfield code="c">2000.</subfield>
  </datafield>
  <datafield tag="300" ind1=" " ind2=" ">
    <subfield code="a">122 p. :</subfield>
    <subfield code="b">il., retrs. ;</subfield>
    <subfield code="c">21 cm.</subfield>
  </datafield>
  <datafield tag="500" ind1=" " ind2=" ">
    <subfield code="a">Incluye &#xED;ndice.</subfield>
  </datafield>
  <datafield tag="500" ind1=" " ind2=" ">
    <subfield code="a">Incluye referencias bibliogr&#xE1;ficas y notas al pie de las p&#xE1;ginas </subfield>
  </datafield>
  <datafield tag="504" ind1=" " ind2=" ">
    <subfield code="a">Bibliograf&#xED;a : p. 121-122.</subfield>
  </datafield>
  <datafield tag="505" ind1="0" ind2="0">
    <subfield code="t">Invasiones haitianas a territorio dominicano --</subfield>
    <subfield code="t">Invasi&#xF3;n del a&#xF1;o 1801 --</subfield>
    <subfield code="t">Invasi&#xF3;n del a&#xF1;o 1805 --</subfield>
    <subfield code="t">Invasi&#xF3;n del a&#xF1;o 1822 --</subfield>
    <subfield code="t">Invasi&#xF3;n del 12 de junio de 1843 --</subfield>
    <subfield code="t">Invasi&#xF3;n del a&#xF1;o 1844 --</subfield>
    <subfield code="t">Invasi&#xF3;n del a&#xF1;o 1845 --</subfield>
    <subfield code="t">Invasiones de los a&#xF1;os 1849, 1855, 1856 --</subfield>
    <subfield code="t">Manuela D&#xED;ez --</subfield>
    <subfield code="t">Rosa Duarte --</subfield>
    <subfield code="t">Maria Antonia y Lluberes --</subfield>
    <subfield code="t">Ocupaci&#xF3;n haitiana --</subfield>
    <subfield code="t">Conspiraci&#xF3;n de Los Alcarrizos --</subfield>
    <subfield code="t">Las v&#xED;rgenes de Galindo --</subfield>
    <subfield code="t">Fundaci&#xF3;n de la Trinitaria --</subfield>
    <subfield code="t">Josefa Antonia P&#xE9;rez de la Paz (Do&#xF1;a Chepita) --</subfield>
    <subfield code="t">Sociedades La Dram&#xE1;tica y La Filantr&#xF3;pica --</subfield>
    <subfield code="t">Filomena G&#xF3;mez de Cova --</subfield>
    <subfield code="t">Concepci&#xF3;n Bona y Mar&#xED;a de Jes&#xFA;s Pina --</subfield>
    <subfield code="t">Las hermanas Villa --</subfield>
    <subfield code="t">Micaela de Rivera y Froilana Febles --</subfield>
    <subfield code="t">Olaya del Rosario de S&#xE1;nchez (Mam&#xE1; Olaya) --</subfield>
    <subfield code="t">Mujeres amadas por Francisco del Rosario S&#xE1;nchez --</subfield>
    <subfield code="t">Mar&#xED;a Evarista Hinojosa (Mimita Betancourt) --</subfield>
    <subfield code="t">Balbina de Pe&#xF1;a --</subfield>
    <subfield code="t">Mujeres que estuvieron presentes en los campos de acci&#xF3;n de la independencia --</subfield>
    <subfield code="t">Mar&#xED;a Baltasara de los Reyes --</subfield>
    <subfield code="t">Mar&#xED;a Trinidad S&#xE1;nchez --</subfield>
    <subfield code="t">Juana Saltitopa --</subfield>
    <subfield code="t">Mar&#xED;a Rosa Mont&#xE1;s --</subfield>
    <subfield code="t">Petronila Ga&#xFA; --</subfield>
    <subfield code="t">Petronila Abreu Delgado --</subfield>
    <subfield code="t">Altagracia Abreu de Ravelo --</subfield>
    <subfield code="t">Mujeres en la familia de Ram&#xF3;n Mat&#xED;as Mella --</subfield>
    <subfield code="t">Francisca Javier Castillo --</subfield>
    <subfield code="t">Josefa Brea --</subfield>
    <subfield code="t">Agustina Medrano de Castillo --</subfield>
    <subfield code="t">Ana Valverde --</subfield>
    <subfield code="t">Catalina Encarnaci&#xF3;n (Mam&#xE1; Catalina Ogando) --</subfield>
    <subfield code="t">Rosa Bastardo de Guillermo --</subfield>
    <subfield code="t">Poetisas que cantaron a la patria --</subfield>
    <subfield code="t">Mar&#xED;a Josefa P&#xE9;rez Guerra --</subfield>
    <subfield code="t">Francisca L&#xF3;pez</subfield>
  </datafield>
  <datafield tag="590" ind1=" " ind2=" ">
    <subfield code="6">Inventariado, 20121/VM</subfield>
  </datafield>
  <datafield tag="650" ind1=" " ind2="4">
    <subfield code="a">Mujeres</subfield>
    <subfield code="z">Rep&#xFA;blica Dominicana</subfield>
    <subfield code="v">Biograf&#xE1;s </subfield>
  </datafield>
  <datafield tag="650" ind1=" " ind2="4">
    <subfield code="a">Mujeres en la pol&#xED;tica</subfield>
    <subfield code="z">Rep&#xFA;blica Dominicana</subfield>
  </datafield>
  <datafield tag="651" ind1=" " ind2="4">
    <subfield code="a">Rep&#xFA;blica Dominicana</subfield>
    <subfield code="x">Historia</subfield>
    <subfield code="y">1844-1861</subfield>
    <subfield code="v">Bibliogra&#xED;as </subfield>
  </datafield>
  <datafield tag="910" ind1=" " ind2=" ">
    <subfield code="a">MCabrera /VMateo V.</subfield>
  </datafield>
  <datafield tag="942" ind1=" " ind2=" ">
    <subfield code="2">ddc</subfield>
    <subfield code="c">BK</subfield>
  </datafield>
  <datafield tag="952" ind1=" " ind2=" ">
    <subfield code="0">0</subfield>
    <subfield code="1">0</subfield>
    <subfield code="2">ddc</subfield>
    <subfield code="4">0</subfield>
    <subfield code="7">0</subfield>
    <subfield code="8">CD</subfield>
    <subfield code="a">BPMET</subfield>
    <subfield code="b">BPMET</subfield>
    <subfield code="d">2021-03-18</subfield>
    <subfield code="e">Compra</subfield>
    <subfield code="l">0</subfield>
    <subfield code="o">BPMSU CD 972.93040922 L453m 2000</subfield>
    <subfield code="p">BPMSU21030053</subfield>
    <subfield code="r">2021-03-18</subfield>
    <subfield code="w">2021-03-18</subfield>
    <subfield code="y">BK</subfield>
  </datafield>
  <datafield tag="952" ind1=" " ind2=" ">
    <subfield code="0">0</subfield>
    <subfield code="1">0</subfield>
    <subfield code="2">ddc</subfield>
    <subfield code="4">0</subfield>
    <subfield code="7">0</subfield>
    <subfield code="8">CD</subfield>
    <subfield code="a">BPMET</subfield>
    <subfield code="b">BPMET</subfield>
    <subfield code="d">2021-03-18</subfield>
    <subfield code="e">Compra</subfield>
    <subfield code="o">BPMSU CD 972.93040922 L453m 2000</subfield>
    <subfield code="p">BPMSU21030054</subfield>
    <subfield code="r">2021-03-18</subfield>
    <subfield code="t">e.2</subfield>
    <subfield code="w">2021-03-18</subfield>
    <subfield code="y">BK</subfield>
  </datafield>
  <datafield tag="952" ind1=" " ind2=" ">
    <subfield code="0">0</subfield>
    <subfield code="1">0</subfield>
    <subfield code="2">ddc</subfield>
    <subfield code="4">0</subfield>
    <subfield code="7">0</subfield>
    <subfield code="8">CD</subfield>
    <subfield code="a">BPMET</subfield>
    <subfield code="b">BPMET</subfield>
    <subfield code="d">2021-03-18</subfield>
    <subfield code="e">Compra</subfield>
    <subfield code="l">0</subfield>
    <subfield code="o">BPMSU CD 972.93040922 L453m 2000</subfield>
    <subfield code="p">BPMSU21030055</subfield>
    <subfield code="r">2021-03-18</subfield>
    <subfield code="t">e.3</subfield>
    <subfield code="w">2021-03-18</subfield>
    <subfield code="y">BK</subfield>
  </datafield>
  <datafield tag="999" ind1=" " ind2=" ">
    <subfield code="c">13403</subfield>
    <subfield code="d">13403</subfield>
  </datafield>
</record>
